| 000 | 01231nam a2200241 a 4500 | ||
|---|---|---|---|
| 001 | BRCA_8803 | ||
| 005 | 20190320210422.0 | ||
| 008 | 210417s1757----sp-a######---#000-0#spa-# | ||
| 041 | _aspa | ||
| 044 | _asp | ||
| 084 |
_aBE185 _b.P58 1757 |
||
| 100 | 1 |
_aPluche, Noël Antoine _d1688-1761 _921346 |
|
| 245 | 1 | 0 |
_aEspectáculo de la naturaleza o conversaciones acerca de las particularidades de la historia natural, que han parecido más a propósito para excitar una curiosidad útil y formarles la razón a los jóvenes lectores _cescrito en idioma francés por el Abad M. Pluche; y traducido al castellano por el P. Estevan de Terreros y Pando; segunda edición; Dedicado a la Reyna Señora Doña Marïa Barbara; tomo V, parte tercera. |
| 250 | _a2a ed. | ||
| 260 |
_aMadrid _bEn la Oficina de Joachin Ibarra _c1757 |
||
| 300 |
_a[4], 285 p. (t.5) _bil., 21 h. plegables _c19.5 x 14 cm. |
||
| 500 | _aEstado físico: presenta encuadernación en pergamino, con lomo desprendido y carece de cintas | ||
| 650 | 1 | 4 |
_aCiencias naturales _yObras anteriores a 1800 _921347 |
| 700 | 1 |
_aIbarra, Joaquín _d1725-1785 _eImpresor _921271 |
|
| 700 | 1 |
_aTerreros y Pando, Esteban de _d1707-1782 _etr. _921941 |
|
| 902 | _aCFM | ||
| 942 |
_2lcc _cB |
||
| 999 |
_c8454 _d8454 |
||